Les monoplaces de F1 2024 (image) - Statistiques

Statistiques générales
  • Ce quiz a été pris 152 fois
    81 depuis la dernière actualisation
  • Le résultat moyen est 9 sur 10
Statistiques - réponses
Par images Réponse % Correct
RedBull
99%
Ferrari
97%
McLaren
97%
Mercedes
97%
Alpine
96%
Haas
94%
Aston Martin
93%
Williams
91%
Sauber
80%
Racing Bull
67%
Aucun quiz correspondant
Distribution des résultats
% des personnes avec chaque résultat
Percentile par nombre de réponses
Votre historique - résultats
Vous n’avez pas pris ce quiz depuis la dernière actualisation